Nazioni Vincitori Roland Garros - Singolare maschile - Statistics

Statistiche generali
  • Questo quiz è stato fatto 15 volte
  • Il punteggio medio è 13 su 15
Statistiche sulle risposte
Continente Numero titoli Nazione % Corretto
America del Sud 2 Argentina
100%
America del Sud 3 Brasile
100%
Europa 1 Italia
100%
Asia / Europa 1 Russia
100%
Europa 21 Spagna
100%
America del Nord 4 Stati Uniti
100%
Europa 2 Svizzera
100%
Oceania 2 Australia
93%
America del Sud 1 Ecuador
86%
Europa 1 Francia
86%
Europa 3 Serbia
86%
Europa 9 Svezia
86%
Europa 1 Austria
79%
Europa 1 Romania
57%
Europa 5 Cecoslovacchia
43%
Nessun quiz corrispondente trovato
Distribuzione punteggi
Percentuale di utenti per punteggio
Percentile per numero di risposta
I tuoi punteggi nel tempo
Non hai fatto questo quiz